2015-16 UEFA Europa League Results - Statistics

General Stats
  • This quiz has been taken 194 times
  • The average score is 23 of 32
Answers on the Map
Answers color-coded by a green-red scale on the quiz's map according to % correct below.
 
Answer Stats
Club % Correct
๐Ÿ‡ช๐Ÿ‡ธ Sevilla
94%
๐Ÿ‡ฉ๐Ÿ‡ช Borussia Dortmund
92%
๐Ÿด๓ ง๓ ข๓ ฅ๓ ฎ๓ ง๓ ฟ Liverpool
91%
๐Ÿ‡ต๐Ÿ‡น Porto
89%
๐Ÿ‡ต๐Ÿ‡น Sporting CP
88%
๐Ÿด๓ ง๓ ข๓ ฅ๓ ฎ๓ ง๓ ฟ Manchester United
85%
๐Ÿ‡ซ๐Ÿ‡ท Marseille
83%
๐Ÿ‡ช๐Ÿ‡ธ Valencia
83%
๐Ÿด๓ ง๓ ข๓ ฅ๓ ฎ๓ ง๓ ฟ Tottenham Hotspur
81%
๐Ÿ‡ฉ๐Ÿ‡ช Bayer 04 Leverkusen
80%
๐Ÿ‡น๐Ÿ‡ท Galatasaray
80%
๐Ÿ‡ช๐Ÿ‡ธ Villarreal
80%
๐Ÿ‡ฎ๐Ÿ‡น Lazio
79%
๐Ÿ‡ง๐Ÿ‡ช Anderlecht
78%
๐Ÿ‡ท๐Ÿ‡บ Lokomotiv Moscow
78%
๐Ÿ‡ฎ๐Ÿ‡น Napoli
78%
๐Ÿ‡ต๐Ÿ‡น Braga
77%
๐Ÿ‡จ๐Ÿ‡ฟ Sparta Prague
77%
๐Ÿ‡จ๐Ÿ‡ญ Basel
76%
๐Ÿ‡ฌ๐Ÿ‡ท Olympiacos
76%
๐Ÿ‡ช๐Ÿ‡ธ Athletic Bilbao
75%
๐Ÿ‡บ๐Ÿ‡ฆ Shakhtar Donetsk
75%
๐Ÿ‡ฎ๐Ÿ‡น Fiorentina
69%
๐Ÿ‡น๐Ÿ‡ท Fenerbahรงe
68%
๐Ÿ‡ฆ๐Ÿ‡น Rapid Wien
64%
๐Ÿ‡ณ๐Ÿ‡ด Molde
62%
๐Ÿ‡ฉ๐Ÿ‡ช Schalke 04
62%
๐Ÿ‡ท๐Ÿ‡บ Krasnodar
51%
๐Ÿ‡ฉ๐Ÿ‡ฐ Midtjylland
50%
๐Ÿ‡ฉ๐Ÿ‡ช Augsburg
41%
๐Ÿ‡ซ๐Ÿ‡ท Saint-ร‰tienne
41%
๐Ÿ‡จ๐Ÿ‡ญ Sion
37%
No matching quizzes found
Score Distribution
Percent of People with Each Score
Percentile by Number Answered
Your Score History
You have not taken this quiz